Numerical optimization with applications / (Record no. 189998)
[ view plain ]
| 000 -LEADER | |
|---|---|
| fixed length control field | 00842nam a2200253Ia 4500 |
| 005 - DATE AND TIME OF LATEST TRANSACTION | |
| control field | 20220615153552.0 |
| 008 - FIXED-LENGTH DATA ELEMENTS--GENERAL INFORMATION | |
| fixed length control field | 210716s2009 xx 000 0 und d |
| 020 ## - INTERNATIONAL STANDARD BOOK NUMBER | |
| International Standard Book Number | 9788173198540 |
| 040 ## - CATALOGING SOURCE | |
| Transcribing agency | AIMIT LIBRARY |
| 041 ## - LANGUAGE CODE | |
| Language code of text/sound track or separate title | eng |
| 082 ## - DEWEY DECIMAL CLASSIFICATION NUMBER | |
| Classification number | 511.42 |
| Edition number | 1 |
| Item number | CHAS |
| 100 ## - MAIN ENTRY--PERSONAL NAME | |
| Personal name | Chandra, Suresh. |
| 9 (RLIN) | 42872 |
| 245 ## - TITLE STATEMENT | |
| Title | Numerical optimization with applications / |
| Statement of responsibility, etc. | By Suresh Chandra, Jayadeva and Aparna Mehra. |
| 250 ## - EDITION STATEMENT | |
| Edition statement | 1st ed. |
| 260 ## - PUBLICATION, DISTRIBUTION, ETC. | |
| Place of publication, distribution, etc. | New Delhi : |
| Name of publisher, distributor, etc. | Narosa Publishing House , |
| Date of publication, distribution, etc. | 2009. |
| 300 ## - PHYSICAL DESCRIPTION | |
| Extent | xiii,694p. ; |
| Dimensions | 24 cm. |
| 650 ## - SUBJECT ADDED ENTRY--TOPICAL TERM | |
| Topical term or geographic name entry element | Linear programming |
| 9 (RLIN) | 42873 |
| 650 ## - SUBJECT ADDED ENTRY--TOPICAL TERM | |
| Topical term or geographic name entry element | Mathematics of the simplex method |
| 9 (RLIN) | 42874 |
| 650 ## - SUBJECT ADDED ENTRY--TOPICAL TERM | |
| Topical term or geographic name entry element | Integer linear programming |
| 9 (RLIN) | 42875 |
| 650 ## - SUBJECT ADDED ENTRY--TOPICAL TERM | |
| Topical term or geographic name entry element | Algorithms in nonlinear programming |
| 9 (RLIN) | 42876 |
| 700 ## - ADDED ENTRY--PERSONAL NAME | |
| Personal name | Jayadeva |
| 9 (RLIN) | 42877 |
| 700 ## - ADDED ENTRY--PERSONAL NAME | |
| Personal name | Mehra, Aparna. |
| 9 (RLIN) | 42878 |
| 942 ## - ADDED ENTRY ELEMENTS (KOHA) | |
| Source of classification or shelving scheme | Dewey Decimal Classification |
| Koha item type | Book |
| Edition | 1st |
| Call number prefix | 511.42 CHAS |
| Withdrawn status | Lost status | Source of classification or shelving scheme | Damaged status | Not for loan | Collection code | Home library | Current library | Source of acquisition | Cost, normal purchase price | Inventory number | Total Checkouts | Full call number | Barcode | Date last seen | Cost, replacement price | Price effective from | Koha item type |
|---|---|---|---|---|---|---|---|---|---|---|---|---|---|---|---|---|---|
| Dewey Decimal Classification | MCA | St Aloysius Institute of Management & Information Technology | St Aloysius Institute of Management & Information Technology | Athulya Books | 395.00 | Bill no:ABK 146; Bill dt:2009-06 | 511.42 CHAS | MCA09108 | 05/23/2026 | 316.00 | 07/16/2021 | Book | |||||
| Dewey Decimal Classification | MCA | St Aloysius Institute of Management & Information Technology | St Aloysius Institute of Management & Information Technology | Athulya Books | 395.00 | Bill no:ABK 173; Bill dt:2009-07 | 511.42 CHAS | MCA09216 | 05/23/2026 | 316.00 | 07/16/2021 | Book | |||||
| Dewey Decimal Classification | MCA | St Aloysius Institute of Management & Information Technology | St Aloysius Institute of Management & Information Technology | Athulya Books | 395.00 | Bill no:ABK 439; Bill dt:2009-11 | 511.42 CHAS | MCA09506 | 05/23/2026 | 296.25 | 07/16/2021 | Book | |||||
| Dewey Decimal Classification | MCA | St Aloysius Institute of Management & Information Technology | St Aloysius Institute of Management & Information Technology | Narosa Book Distributors | 495.00 | Bill no:67454; Bill dt:2015-05-2 | 511.42 CHAS | MCA14215 | 05/23/2026 | 371.25 | 07/16/2021 | Book |